[Event "14. Opent Internacional de Mislata"]
[Site "Mislata ESP"]
[Date "2006.08.23"]
[Round "2.10"]
[White "Ivanov, Jordan"]
[Black "Plaza Agudo, Juan Fco"]
[Result "1-0"]
[WhiteElo "2370"]
[BlackElo "2061"]
[PlyCount "64"]
[EventDate "2006.08.23"]
[EventType "swiss"]
[EventRounds "9"]
[EventCountry "ESP"]
[Source "lmi"]
[SourceDate "2006.08.23"]

1. d4 Nf6 2. c4 c5 3. d5 b5 4. cxb5 a6 5. b6 Qxb6 6. Nc3 d6 7. Nf3 g6 8. Nd2
Bg7 9. e4 O-O 10. a4 Nbd7 11. a5 Qc7 12. Nc4 Ne8 13. Bg5 f6 14. Be3 Rb8 15. Be2
Ne5 16. Nb6 f5 17. exf5 gxf5 18. Qd2 Rf7 19. O-O Ng6 20. f4 Nf6 21. h3 Nf8 22.
b4 cxb4 23. Nca4 Ne4 24. Qxb4 Bxa1 25. Rxa1 Qc2 26. Bf3 Bd7 27. Nb2 Nc3 28. Kh2
Nb1 29. Nd1 Bb5 30. Qxb1 Qxb1 31. Rxb1 Ng6 32. Nc3 Be8 1-0

[Event "14. Opent Internacional de Mislata"]
[Site "Mislata ESP"]
[Date "2006.08.23"]
[Round "2.11"]
[White "Rodriguez Gonzalez, Alex"]
[Black "Garcia Fernandez, Carlos"]
[Result "0-1"]
[WhiteElo "2061"]
[BlackElo "2358"]
[PlyCount "88"]
[EventDate "2006.08.23"]
[EventType "swiss"]
[EventRounds "9"]
[EventCountry "ESP"]
[Source "lmi"]
[SourceDate "2006.08.23"]

1. e4 d6 2. Nc3 e5 3. f4 exf4 4. d4 Qh4+ 5. Ke2 Bg4+ 6. Nf3 Nc6 7. Nd5 O-O-O 8.
Kd3 g5 9. Be2 Qh6 10. h4 Qg7 11. c3 h6 12. hxg5 Bxf3 13. Bxf3 hxg5 14. Rxh8
Qxh8 15. Bg4+ Kb8 16. b4 Nf6 17. Nxf6 Qxf6 18. Qf3 Bg7 19. Bb2 Rh8 20. Rf1 Qg6
21. g3 Rh2 22. Rf2 Rxf2 23. Qxf2 fxg3 24. Qxg3 Ne7 25. Qf3 d5 26. Bf5 Nxf5 27.
exf5 Qd6 28. Bc1 Bf6 29. Be3 Qa6+ 30. Kd2 Qxa2+ 31. Kd3 a6 32. Qh5 Qb1+ 33. Kd2
Qxf5 34. Qxf7 b6 35. Qh5 Kb7 36. Qh1 g4 37. c4 Qe4 38. Qxe4 dxe4 39. d5 a5 40.
bxa5 bxa5 41. Bc5 Bg5+ 42. Ke2 Bf4 43. Bd4 a4 44. c5 a3 0-1

[Event "14. Opent Internacional de Mislata"]
[Site "Mislata ESP"]
[Date "2006.08.23"]
[Round "2.12"]
[White "Kovacevic, Slobodan"]
[Black "Ribes Peris, Alvaro"]
[Result "1/2-1/2"]
[WhiteElo "2340"]
[BlackElo "2060"]
[PlyCount "102"]
[EventDate "2006.08.23"]
[EventType "swiss"]
[EventRounds "9"]
[EventCountry "ESP"]
[Source "lmi"]
[SourceDate "2006.08.23"]

1. d4 f5 2. Nf3 Nf6 3. h3 d5 4. Bf4 e6 5. Nbd2 c6 6. e3 Bd6 7. Ne5 O-O 8. Bd3
Qc7 9. O-O Nbd7 10. Ndf3 Ne4 11. Nxd7 Bxd7 12. Bxe4 fxe4 13. Bxd6 Qxd6 14. Ne5
Rf5 15. c3 b6 16. f3 exf3 17. Rxf3 Raf8 18. Rxf5 exf5 19. Qe2 Be8 20. Rf1 c5
21. Qa6 Qe7 22. Rf3 h5 23. Qf1 Qe6 24. Rg3 Qh6 25. Qf3 h4 26. Qxd5+ Kh7 27. Rf3
Bh5 28. Rf4 Qg5 29. Nf3 Bxf3 30. Qxf3 cxd4 31. cxd4 Qg3 32. Qh5+ Kg8 33. Rxh4
Qxe3+ 34. Kh2 Rf6 35. Qh8+ Kf7 36. Qb8 Rg6 37. Qxa7+ Kf6 38. Qxb6+ Kg5 39. Qd8+
Rf6 40. Qh8 Rh6 41. Qd8+ Rf6 42. Qh8 Rh6 43. Rxh6 Qf4+ 44. Kg1 Qc1+ 45. Kf2
Qd2+ 46. Kf1 Qd1+ 47. Kf2 Qd2+ 48. Kg1 Qc1+ 49. Kh2 Qf4+ 50. Kh1 Qc1+ 51. Kh2
Qf4+ 1/2-1/2

[Event "14. Opent Internacional de Mislata"]
[Site "Mislata ESP"]
[Date "2006.08.23"]
[Round "2.13"]
[White "Monmrneu Chulia, Vicente"]
[Black "Ibañez Aullana, Ramon"]
[Result "0-1"]
[WhiteElo "2059"]
[BlackElo "2337"]
[PlyCount "80"]
[EventDate "2006.08.23"]
[EventType "swiss"]
[EventRounds "9"]
[EventCountry "ESP"]
[Source "lmi"]
[SourceDate "2006.08.23"]

1. Nf3 Nf6 2. c4 g6 3. b3 Bg7 4. Bb2 O-O 5. g3 d6 6. d4 c5 7. Bg2 Ne4 8. Nfd2
Ng5 9. h4 Ne6 10. Nf3 Nc6 11. e3 cxd4 12. Nxd4 Ncxd4 13. exd4 Qb6 14. Nc3 Qxd4
15. Na4 Qxd1+ 16. Rxd1 Bxb2 17. Nxb2 Nc5 18. b4 Nd7 19. O-O a5 20. a3 axb4 21.
axb4 Ne5 22. f4 Nc6 23. b5 Na5 24. Rfe1 Be6 25. Bd5 Bg4 26. Rd3 e6 27. Bg2 Rfd8
28. Kf2 Rd7 29. Bf3 Bxf3 30. Kxf3 Rc8 31. Red1 Nxc4 32. Nxc4 Rxc4 33. Rxd6 Rc3+
34. Kg2 Rdc7 35. R1d2 Rb3 36. Rb6 Rcc3 37. Rxb7 Rxg3+ 38. Kf1 Rgf3+ 39. Rf2
Rb1+ 40. Kg2 Rfb3 0-1

[Event "14. Opent Internacional de Mislata"]
[Site "Mislata ESP"]
[Date "2006.08.23"]
[Round "2.14"]
[White "Tenev Gochev, Petko"]
[Black "Navarro Cia, Miguel"]
[Result "1/2-1/2"]
[WhiteElo "2052"]
[BlackElo "2332"]
[PlyCount "101"]
[EventDate "2006.08.23"]
[EventType "swiss"]
[EventRounds "9"]
[EventCountry "ESP"]
[Source "lmi"]
[SourceDate "2006.08.23"]

1. Nf3 g6 2. d4 Bg7 3. e4 c5 4. c3 cxd4 5. cxd4 d5 6. e5 Nc6 7. Nc3 Bg4 8. Be2
e6 9. Nb5 Bxf3 10. Nd6+ Kf8 11. gxf3 Qb6 12. Be3 Nge7 13. h4 h5 14. Qd2 a6 15.
Rc1 Nc8 16. Nxc8 Rxc8 17. a3 Kg8 18. b4 Kh7 19. Kf1 Bf8 20. f4 Be7 21. Kg2 Na7
22. Qd3 Rxc1 23. Rxc1 Kg7 24. Kh3 Qd8 25. Qc2 Nc6 26. Bxa6 Nxb4 27. axb4 bxa6
28. Qa4 Qb6 29. Rc6 Qxb4 30. Qxb4 Bxb4 31. Rxa6 Rc8 32. Rb6 Rc4 33. Rb8 Bc3 34.
f5 exf5 35. Bg5 Rc6 36. Bf6+ Rxf6 37. exf6+ Kxf6 38. Rb5 Bxd4 39. f4 Ke6 40.
Kg3 Ba7 41. Kf3 Bd4 42. Ra5 Bf6 43. Ra6+ Ke7 44. Ra7+ Ke6 45. Ra6+ Ke7 46. Ra7+
Kf8 47. Kg3 d4 48. Ra8+ Kg7 49. Ra7 Kf8 50. Ra8+ Kg7 51. Ra7 1/2-1/2

[Event "14. Opent Internacional de Mislata"]
[Site "Mislata ESP"]
[Date "2006.08.23"]
[Round "2.15"]
[White "Fenollar Jorda, Manuel"]
[Black "Tortosa Fito, Sergio"]
[Result "0-1"]
[WhiteElo "2329"]
[BlackElo "2051"]
[PlyCount "46"]
[EventDate "2006.08.23"]
[EventType "swiss"]
[EventRounds "9"]
[EventCountry "ESP"]
[Source "lmi"]
[SourceDate "2006.08.23"]

1. d4 Nf6 2. Nf3 d5 3. e3 e6 4. Bd3 c5 5. c3 Nbd7 6. Nbd2 Bd6 7. O-O O-O 8. Re1
e5 9. e4 dxe4 10. Nxe4 Nxe4 11. Bxe4 exd4 12. cxd4 cxd4 13. Qxd4 Qf6 14. Qd1
Ne5 15. Bxh7+ Kxh7 16. Ng5+ Kg8 17. Ne4 Qg6 18. Nxd6 Bg4 19. Qd2 Rad8 20. Rxe5
Rxd6 21. Qb4 Rd1+ 22. Re1 Bf3 23. g3 Qg4 0-1

[Event "14. Opent Internacional de Mislata"]
[Site "Mislata ESP"]
[Date "2006.08.24"]
[Round "3.1"]
[White "Arizmendi Martinez, Julen"]
[Black "Remoli Sargues, Francisco"]
[Result "1-0"]
[WhiteElo "2542"]
[BlackElo "2255"]
[PlyCount "85"]
[EventDate "2006.08.23"]
[EventType "swiss"]
[EventRounds "9"]
[EventCountry "ESP"]
[Source "lmi"]
[SourceDate "2006.08.23"]

1. e4 d6 2. d4 Nf6 3. Nc3 Nbd7 4. Nf3 e5 5. Bc4 Be7 6. O-O c6 7. a4 O-O 8. Re1
b6 9. Ba2 Bb7 10. dxe5 dxe5 11. Nh4 Re8 12. Nf5 Nf8 13. Qf3 Bc8 14. Bg5 Be6 15.
Rad1 Qc7 16. Nh6+ gxh6 17. Bxf6 Bxf6 18. Qxf6 Ng6 19. g3 Bxa2 20. Nxa2 Re6 21.
Qf3 Rd8 22. Rxd8+ Qxd8 23. Rd1 Rd6 24. Rxd6 Qxd6 25. Nc3 Ne7 26. Nd1 Kg7 27.
Ne3 Qe6 28. Qh5 a6 29. Kg2 b5 30. axb5 cxb5 31. b4 Nc6 32. Nf5+ Kf8 33. c3 Qg6
34. Qd1 Qe6 35. Qd2 h5 36. Qg5 Qg6 37. Qe3 Qe6 38. Qc5+ Ne7 39. Kh3 Qf6 40.
Qxe7+ Qxe7 41. Nxe7 Kxe7 42. Kh4 f5 43. f3 1-0

[Event "14. Opent Internacional de Mislata"]
[Site "Mislata ESP"]
[Date "2006.08.24"]
[Round "3.2"]
[White "Komljenovic, Davor"]
[Black "Vallejo Diaz, Javier"]
[Result "1/2-1/2"]
[WhiteElo "2473"]
[BlackElo "2230"]
[PlyCount "102"]
[EventDate "2006.08.23"]
[EventType "swiss"]
[EventRounds "9"]
[EventCountry "ESP"]
[Source "lmi"]
[SourceDate "2006.08.23"]

1. c4 e5 2. g3 Nc6 3. Bg2 f5 4. Nc3 Nf6 5. d3 d6 6. e3 g6 7. Nge2 Bg7 8. Rb1 a5
9. a3 O-O 10. O-O h6 11. b4 axb4 12. axb4 g5 13. b5 Ne7 14. f4 Ng6 15. Bd2 Rb8
16. Kh1 b6 17. Na2 Ne7 18. Nb4 Bb7 19. Bxb7 Rxb7 20. Nc3 Ra7 21. Qf3 Qd7 22.
Nc6 e4 23. dxe4 g4 24. Qg2 Nxc6 25. bxc6 Qxc6 26. exf5 Qxc4 27. e4 Nd7 28. Rbc1
Nc5 29. e5 dxe5 30. fxe5 Bxe5 31. Bxh6 Bxc3 32. Rf4 Qd3 33. Rxg4+ Kf7 34. Bxf8
Kxf8 35. Qc6 Qd2 36. Rf1 Nd3 37. Qe6 Nf2+ 38. Rxf2 Qd1+ 39. Kg2 Qxg4 40. Qc8+
Kf7 41. Qe6+ Kf8 42. Re2 c5 43. h3 Qg5 44. Qxb6 Re7 45. Qxc5 Bf6 46. h4 Qg4 47.
Rxe7 Bxe7 48. Qe5 Bxh4 49. Qh8+ Kf7 50. Qxh4 Qxh4 51. gxh4 Kf6 1/2-1/2

[Event "14. Opent Internacional de Mislata"]
[Site "Mislata ESP"]
[Date "2006.08.24"]
[Round "3.3"]
[White "Garcia Roman, Daniel"]
[Black "Serna Lara, Sergio"]
[Result "1-0"]
[WhiteElo "2438"]
[BlackElo "2212"]
[PlyCount "77"]
[EventDate "2006.08.23"]
[EventType "swiss"]
[EventRounds "9"]
[EventCountry "ESP"]
[Source "lmi"]
[SourceDate "2006.08.23"]

1. d4 d5 2. Nf3 Nf6 3. c4 c6 4. e3 Bf5 5. cxd5 cxd5 6. Qb3 Qc7 7. Nc3 e6 8. Bd2
Nc6 9. Rc1 Nd7 10. Nh4 Bg4 11. h3 Bh5 12. g4 Bg6 13. Nxg6 hxg6 14. Bg2 Nb6 15.
O-O Be7 16. Rfd1 O-O 17. Be1 Rfd8 18. Qc2 Rac8 19. Qe2 Bf6 20. b3 Qe7 21. Bf1
a6 22. a4 Qd7 23. Qa2 a5 24. Bb5 Be7 25. Ne2 Bb4 26. Bxc6 Rxc6 27. Bxb4 axb4
28. Qd2 Qd6 29. Nf4 Rdc8 30. Rxc6 Rxc6 31. Rc1 Nd7 32. Rxc6 Qxc6 33. Qxb4 e5
34. dxe5 Nxe5 35. Qb5 Nf3+ 36. Kg2 Ne1+ 37. Kg3 Qc7 38. Qxd5 Nc2 39. Qc4 1-0

[Event "14. Opent Internacional de Mislata"]
[Site "Mislata ESP"]
[Date "2006.08.24"]
[Round "3.4"]
[White "Cruz Estrada, Filemon"]
[Black "Sanchez Romero, Miguel Angel"]
[Result "1/2-1/2"]
[WhiteElo "2397"]
[BlackElo "2208"]
[PlyCount "27"]
[EventDate "2006.08.23"]
[EventType "swiss"]
[EventRounds "9"]
[EventCountry "ESP"]
[Source "lmi"]
[SourceDate "2006.08.23"]

1. c4 Nf6 2. Nc3 g6 3. e4 d6 4. d4 Bg7 5. Nf3 O-O 6. Be2 Na6 7. O-O e5 8. Be3
Ng4 9. Bg5 f6 10. Bh4 h5 11. h3 Nh6 12. dxe5 dxe5 13. Qd5+ Nf7 14. c5 1/2-1/2

[Event "14. Opent Internacional de Mislata"]
[Site "Mislata ESP"]
[Date "2006.08.24"]
[Round "3.5"]
[White "Camacho Collados, Jose"]
[Black "Alvarez Ibarra, Rafael"]
[Result "1-0"]
[WhiteElo "2264"]
[BlackElo "2396"]
[PlyCount "47"]
[EventDate "2006.08.23"]
[EventType "swiss"]
[EventRounds "9"]
[EventCountry "ESP"]
[Source "lmi"]
[SourceDate "2006.08.23"]

1. e4 c5 2. Nf3 Nc6 3. d4 cxd4 4. Nxd4 Qb6 5. Nb3 Nf6 6. Nc3 e6 7. Be2 d6 8.
O-O Be7 9. Be3 Qc7 10. Kh1 a6 11. a4 b6 12. f4 O-O 13. Bf3 Bb7 14. Qe1 Rfe8 15.
Rd1 Rab8 16. Qg3 Nb4 17. Rd2 d5 18. e5 Ne4 19. Bxe4 dxe4 20. f5 exf5 21. Nd4
Bc8 22. Nxf5 Bxf5 23. Rxf5 Rbd8 24. e6 1-0

[Event "14. Opent Internacional de Mislata"]
[Site "Mislata ESP"]
[Date "2006.08.24"]
[Round "3.6"]
[White "Alonso Moyano, Jonathan"]
[Black "Picazo Lopez, Juan Antonio"]
[Result "1-0"]
[WhiteElo "2372"]
[BlackElo "2183"]
[PlyCount "41"]
[EventDate "2006.08.23"]
[EventType "swiss"]
[EventRounds "9"]
[EventCountry "ESP"]
[Source "lmi"]
[SourceDate "2006.08.23"]

1. e4 d5 2. exd5 Nf6 3. Nf3 Nxd5 4. d4 g6 5. c4 Nb6 6. Be3 Bg7 7. h3 O-O 8. Nc3
Nc6 9. Qd2 e5 10. d5 Ne7 11. g4 f5 12. O-O-O fxg4 13. Ng5 Nf5 14. hxg4 Nxe3 15.
Qxe3 h6 16. Ne6 Bxe6 17. dxe6 Qf6 18. c5 Nc8 19. Nd5 Qxf2 20. Qxf2 Rxf2 21. Bc4
1-0

[Event "14. Opent Internacional de Mislata"]
[Site "Mislata ESP"]
[Date "2006.08.24"]
[Round "3.7"]
[White "Asensio Liñan, Teodoro"]
[Black "Ivanov, Jordan"]
[Result "0-1"]
[WhiteElo "2244"]
[BlackElo "2370"]
[PlyCount "77"]
[EventDate "2006.08.23"]
[EventType "swiss"]
[EventRounds "9"]
[EventCountry "ESP"]
[Source "lmi"]
[SourceDate "2006.08.23"]

1. d4 d5 2. c4 dxc4 3. Nf3 Nf6 4. e3 e6 5. Bxc4 c5 6. O-O a6 7. e4 Nxe4 8. d5
Be7 9. dxe6 Bxe6 10. Qxd8+ Kxd8 11. Bxe6 fxe6 12. Re1 Nd6 13. Rxe6 Nc6 14. Nc3
Kd7 15. Re1 Rae8 16. Na4 Nf5 17. Bf4 Bd6 18. Bxd6 Kxd6 19. Red1+ Nfd4 20. b4
Kc7 21. Nxc5 Nxf3+ 22. gxf3 Re7 23. Rac1 Kb6 24. Rd6 Rd8 25. Nxb7 Rxd6 26. Nxd6
Re6 27. Nc4+ Kb5 28. Nd2 Nxb4 29. Rb1 Ka4 30. Nc4 Rc6 31. Ne5 Rc5 32. Nd7 Rb5
33. h4 Nd5 34. Rc1 Ka3 35. Nf8 h6 36. Ne6 Rb6 37. Nc5 Rc6 38. Rc4 Nb4 39. Rc1
0-1

[Event "14. Opent Internacional de Mislata"]
[Site "Mislata ESP"]
[Date "2006.08.24"]
[Round "3.8"]
[White "Garcia Fernandez, Carlos"]
[Black "Balada Moreno, Jose Luis"]
[Result "1-0"]
[WhiteElo "2358"]
[BlackElo "2170"]
[PlyCount "65"]
[EventDate "2006.08.23"]
[EventType "swiss"]
[EventRounds "9"]
[EventCountry "ESP"]
[Source "lmi"]
[SourceDate "2006.08.23"]

1. e4 d6 2. d4 Nf6 3. Nc3 g6 4. g3 Bg7 5. Bg2 O-O 6. h3 c6 7. a4 e5 8. Nge2 Na6
9. Be3 Nb4 10. a5 d5 11. dxe5 Nxe4 12. Nxe4 dxe4 13. Bc5 Nd5 14. Bxf8 Qxf8 15.
c3 Bxe5 16. Bxe4 Be6 17. Nd4 Qc5 18. Nxe6 fxe6 19. Qd3 Rf8 20. O-O a6 21. Rae1
Bg7 22. h4 Nf6 23. Bf3 e5 24. b4 Qe7 25. Be4 Qe6 26. Kg2 Nh5 27. Bf3 Nf6 28.
Re2 Nd5 29. Rd1 Nf6 30. Qd6 Qc4 31. Qxe5 Kh8 32. Qd4 Qf7 33. Qd3 1-0

[Event "14. Opent Internacional de Mislata"]
[Site "Mislata ESP"]
[Date "2006.08.24"]
[Round "3.9"]
[White "Ibañez Aullana, Ramon"]
[Black "Moreto Quintana, Alex"]
[Result "1-0"]
[WhiteElo "2337"]
[BlackElo "2138"]
[PlyCount "47"]
[EventDate "2006.08.23"]
[EventType "swiss"]
[EventRounds "9"]
[EventCountry "ESP"]
[Source "lmi"]
[SourceDate "2006.08.23"]

1. e4 e5 2. Nf3 Nc6 3. Bb5 f5 4. exf5 e4 5. Qe2 Qe7 6. Bxc6 bxc6 7. Nd4 Nf6 8.
Nc3 Qe5 9. Nb3 d5 10. f3 a5 11. fxe4 a4 12. d4 Qe7 13. Nc5 dxe4 14. O-O Qd8 15.
N3xe4 Qxd4+ 16. Be3 Qe5 17. Nxf6+ gxf6 18. Qh5+ Kd8 19. Rad1+ Bd6 20. Bd4 Qe7
21. Rfe1 Qg7 22. Ne4 Rf8 23. Bxf6+ Rxf6 24. Nxf6 1-0

[Event "14. Opent Internacional de Mislata"]
[Site "Mislata ESP"]
[Date "2006.08.24"]
[Round "3.10"]
[White "Pallardo Lozoya, Jose Vte"]
[Black "Plaza Pardo, Daniel"]
[Result "1-0"]
[WhiteElo "2323"]
[BlackElo "2135"]
[PlyCount "88"]
[EventDate "2006.08.23"]
[EventType "swiss"]
[EventRounds "9"]
[EventCountry "ESP"]
[Source "lmi"]
[SourceDate "2006.08.23"]

1. e4 c5 2. Nf3 Nc6 3. d4 cxd4 4. Nxd4 Nf6 5. Nc3 e5 6. Ndb5 d6 7. Bg5 a6 8.
Na3 b5 9. Nd5 Be7 10. Bxf6 Bxf6 11. c4 Bg5 12. cxb5 Nd4 13. bxa6 Qa5+ 14. Nc3
Bxa6 15. Bxa6 Qxa6 16. Nc2 Nxc2+ 17. Qxc2 O-O 18. Qe2 Rfb8 19. Rb1 g6 20. Qxa6
Rxa6 21. O-O Bd2 22. Nd5 Rxa2 23. b4 Rb5 24. Rb3 Kg7 25. Rfb1 f5 26. R3b2 Rxb2
27. Rxb2 Be1 28. f3 fxe4 29. fxe4 Bh4 30. Kf1 Bd8 31. Ke2 Kf7 32. Kd3 Ke6 33.
Kc4 Rb8 34. b5 Rc8+ 35. Kb4 Rb8 36. Rf2 h5 37. Ra2 Rb7 38. Ra8 Kd7 39. Kc4 g5
40. Nb4 Rc7+ 41. Nc6 Be7 42. Kd5 Rb7 43. b6 Bf6 44. Ra7 Kc8 1-0

[Event "14. Opent Internacional de Mislata"]
[Site "Mislata ESP"]
[Date "2006.08.24"]
[Round "3.11"]
[White "Gonzalez Aguirre, Luis"]
[Black "Peña Riascos, Alexander"]
[Result "1/2-1/2"]
[WhiteElo "2217"]
[BlackElo "2313"]
[PlyCount "112"]
[EventDate "2006.08.23"]
[EventType "swiss"]
[EventRounds "9"]
[EventCountry "ESP"]
[Source "lmi"]
[SourceDate "2006.08.23"]

1. d4 Nf6 2. Bf4 d5 3. e3 e6 4. c3 c5 5. Nd2 Nc6 6. Ngf3 h6 7. Ne5 Be7 8. Bd3
O-O 9. g4 Nd7 10. h4 cxd4 11. Nxc6 bxc6 12. cxd4 e5 13. dxe5 Nc5 14. Be2 d4 15.
Nb3 Nxb3 16. axb3 Qd5 17. Bf3 Bb4+ 18. Ke2 Qb5+ 19. Qd3 Qb6 20. Rhc1 Bb7 21.
Kf1 Rad8 22. e4 a5 23. Be2 Ra8 24. Qf3 Ba6 25. Rd1 Be7 26. g5 hxg5 27. hxg5 c5
28. Bxa6 Rxa6 29. Rd3 Qg6 30. Qg2 f6 31. gxf6 Qxg2+ 32. Kxg2 gxf6 33. exf6 Bxf6
34. Bd2 Bh4 35. f4 Rg6+ 36. Kh3 Bd8 37. Rg3 Rxg3+ 38. Kxg3 Bc7 39. e5 Rb8 40.
Ra3 Kf7 41. Kg4 Ke6 42. Bxa5 Bxa5 43. Rxa5 Kd5 44. Ra6 Ke4 45. Kg5 d3 46. e6
Rg8+ 47. Kf6 Kxf4 48. Rd6 Ke3 49. e7 d2 50. Rd8 Re8 51. Kf7 Rxe7+ 52. Kxe7 Ke2
53. Ke6 d1=Q 54. Rxd1 Kxd1 55. Kd5 Kc2 56. Kxc5 Kxb3 1/2-1/2

[Event "14. Opent Internacional de Mislata"]
[Site "Mislata ESP"]
[Date "2006.08.24"]
[Round "3.12"]
[White "Galvan Huaraca, Jesus"]
[Black "Huerga Leache, Mikel"]
[Result "1-0"]
[WhiteElo "2211"]
[BlackElo "2310"]
[PlyCount "109"]
[EventDate "2006.08.23"]
[EventType "swiss"]
[EventRounds "9"]
[EventCountry "ESP"]
[Source "lmi"]
[SourceDate "2006.08.23"]

1. d4 Nf6 2. c4 e5 3. dxe5 Ng4 4. Bf4 Nc6 5. Nf3 Bb4+ 6. Nbd2 Qe7 7. e3 Ngxe5
8. Nxe5 Nxe5 9. Be2 O-O 10. O-O a5 11. Nb3 a4 12. a3 Bc3 13. Qc2 Ng6 14. Bxc7
Be5 15. Bxe5 axb3 16. Qxb3 Nxe5 17. Rfd1 d6 18. Rd5 Bd7 19. Qb4 Bc6 20. Qxd6
Rfe8 21. Qxe7 Rxe7 22. Rd4 g5 23. Rad1 Kg7 24. R1d2 Ng6 25. Rd8 Ra5 26. R8d3
Rae5 27. b4 f5 28. b5 Be8 29. Bf1 f4 30. exf4 Nxf4 31. Rd6 Ne6 32. f3 Bf7 33.
R2d5 Nc5 34. Rxe5 Rxe5 35. Kf2 g4 36. Rd8 gxf3 37. gxf3 h5 38. h4 Kf6 39. Rb8
Re8 40. Rxe8 Bxe8 41. Ke3 Bf7 42. Kd4 b6 43. Be2 Ke6 44. f4 Kf5 45. Bd1 Kxf4
46. a4 Kg3 47. a5 Ne6+ 48. Ke5 bxa5 49. b6 Nc5 50. Kd4 Na6 51. Ba4 Bxc4 52.
Kxc4 Kxh4 53. b7 Kg3 54. Kb5 Nb8 55. Kb6 1-0

[Event "14. Opent Internacional de Mislata"]
[Site "Mislata ESP"]
[Date "2006.08.24"]
[Round "3.14"]
[White "Benavent Espí, Vicente"]
[Black "Cruz Sanchez, Cristhian"]
[Result "0-1"]
[WhiteElo "2138"]
[BlackElo "2289"]
[PlyCount "34"]
[EventDate "2006.08.23"]
[EventType "swiss"]
[EventRounds "9"]
[EventCountry "ESP"]
[Source "lmi"]
[SourceDate "2006.08.23"]

1. e4 c5 2. Nf3 d6 3. d4 cxd4 4. c3 Nf6 5. e5 dxe5 6. Nxe5 Nbd7 7. Qxd4 Nxe5 8.
Qxe5 e6 9. Bg5 Be7 10. Bb5+ Bd7 11. O-O O-O 12. Rd1 Qb6 13. Bxd7 Nxd7 14. Qe2
Bxg5 15. Rxd7 Rad8 16. Rd4 Rxd4 17. cxd4 Bc1 0-1

[Event "14. Opent Internacional de Mislata"]
[Site "Mislata ESP"]
[Date "2006.08.24"]
[Round "3.15"]
[White "Carrasco Sagredo, Manuel"]
[Black "Vallejo Diaz, Jesus"]
[Result "0-1"]
[WhiteElo "2099"]
[BlackElo "2265"]
[PlyCount "92"]
[EventDate "2006.08.23"]
[EventType "swiss"]
[EventRounds "9"]
[EventCountry "ESP"]
[Source "lmi"]
[SourceDate "2006.08.23"]

1. d4 Nf6 2. c4 g6 3. Nc3 Bg7 4. e4 d6 5. Be2 O-O 6. Nf3 e5 7. Be3 Ng4 8. Bg5
f6 9. Bh4 g5 10. Bg3 Nh6 11. dxe5 dxe5 12. Qc2 c6 13. Nd2 Qe7 14. f3 Na6 15.
Bf2 g4 16. h3 gxf3 17. Nxf3 f5 18. a3 Nc5 19. b4 Ne6 20. c5 Nd4 21. Bc4+ Kh8
22. Qd1 fxe4 23. Nxe4 Bf5 24. Nfd2 Rad8 25. Qc1 Qe8 26. O-O Qg6 27. Ng3 Be6 28.
Nde4 Nhf5 29. Bxe6 Nxg3 30. Nxg3 Nxe6 31. Qc4 Nd4 32. Rae1 Rxf2 33. Kxf2 Rf8+
34. Kg1 Qxg3 35. Rxf8+ Bxf8 36. Rf1 Bg7 37. Qf7 h6 38. Qh5 Kg8 39. Qf7+ Kh7 40.
Qa2 e4 41. Qb1 Qg6 42. Kh1 Ne2 43. Re1 Ng3+ 44. Kg1 Bd4+ 45. Kh2 Qf5 46. Qd1
Qf4 0-1

[Event "14. Opent Internacional de Mislata"]
[Site "Mislata ESP"]
[Date "2006.08.25"]
[Round "4.1"]
[White "Pallardo Lozoya, Jose Vte"]
[Black "Arizmendi Martinez, Julen"]
[Result "1/2-1/2"]
[WhiteElo "2323"]
[BlackElo "2542"]
[PlyCount "157"]
[EventDate "2006.08.23"]
[EventType "swiss"]
[EventRounds "9"]
[EventCountry "ESP"]
[Source "lmi"]
[SourceDate "2006.08.23"]

1. e4 c5 2. Nf3 d6 3. d4 cxd4 4. Nxd4 Nf6 5. Nc3 Nc6 6. Bg5 Qa5 7. Bb5 Bd7 8.
Nb3 Qd8 9. f4 e6 10. Qf3 a6 11. Bd3 Be7 12. g4 h6 13. Bxf6 Bxf6 14. O-O Bxc3
15. bxc3 Qf6 16. c4 g5 17. Qg3 gxf4 18. Rxf4 Qg5 19. Raf1 Rg8 20. Rxf7 Ne5 21.
R7f4 h5 22. Qf2 Qxf4 23. Qxf4 Rxg4+ 24. Kh1 Rxf4 25. Rxf4 Ke7 26. c5 dxc5 27.
Nxc5 Ng6 28. Rf2 Bc6 29. Kg2 e5 30. Nb3 Nf4+ 31. Kf3 Rg8 32. Nd2 b5 33. Ke3 Kd6
34. Nf3 Rg2 35. Rxg2 Nxg2+ 36. Kd2 Nf4 37. Ng5 Be8 38. Bf1 Bg6 39. Kc3 Kc5 40.
a3 a5 41. Bd3 b4+ 42. axb4+ axb4+ 43. Kd2 Be8 44. Nf3 Ng6 45. Ke3 Bd7 46. Nd2
Ba4 47. Nf3 Bd7 48. Nd2 Be6 49. Be2 Nf4 50. Bf1 Ba2 51. Nf3 Kd6 52. Nd2 Be6 53.
Nf3 Bg4 54. Nd2 Be6 55. Nf3 Ng6 56. Nd2 Bg4 57. Bc4 Bd1 58. Bb3 Kc5 59. Ba4 Nf4
60. Bb3 Be2 61. Bg8 h4 62. Nb3+ Kb5 63. Nd4+ exd4+ 64. Kxf4 Bc4 65. Bxc4+ Kxc4
66. e5 Kd5 67. e6 d3 68. cxd3 Kxe6 69. Ke3 Kd5 70. Kd2 Kd4 71. Kc2 h3 72. Kb3
Kxd3 73. Kxb4 Ke3 74. Kc3 Kf2 75. Kd2 Kg2 76. Ke2 Kxh2 77. Kf2 Kh1 78. Kf1 Kh2
79. Kf2 1/2-1/2

[Event "14. Opent Internacional de Mislata"]
[Site "Mislata ESP"]
[Date "2006.08.25"]
[Round "4.2"]
[White "Torres Sanchez, Jose"]
[Black "Garcia Roman, Daniel"]
[Result "1-0"]
[WhiteElo "2295"]
[BlackElo "2438"]
[PlyCount "109"]
[EventDate "2006.08.23"]
[EventType "swiss"]
[EventRounds "9"]
[EventCountry "ESP"]
[Source "lmi"]
[SourceDate "2006.08.23"]

1. e4 c5 2. Nf3 d6 3. d4 cxd4 4. Nxd4 Nf6 5. Nc3 Nc6 6. Bg5 e6 7. Qd2 a6 8.
O-O-O Bd7 9. f4 h6 10. Bh4 Nxe4 11. Qe1 Nf6 12. Nf5 Qa5 13. Nxd6+ Bxd6 14. Rxd6
O-O-O 15. Rd1 Qc7 16. Kb1 Ne7 17. Bd3 Bc6 18. f5 Nxf5 19. Bxf5 exf5 20. Qf2 f4
21. Bxf6 gxf6 22. Ne2 f3 23. gxf3 Rxd1+ 24. Rxd1 Rd8 25. Nd4 Qf4 26. Qd2 Qxd2
27. Rxd2 Rg8 28. b3 Bd7 29. Kb2 h5 30. Kc3 Rg1 31. Kd3 h4 32. Ke3 Rh1 33. f4
Bg4 34. f5 h3 35. Kf4 Rg1 36. Rd3 Rg2 37. Rg3 Bd1 38. Rxh3 Rg1 39. Rh7 Rg4+ 40.
Ke3 Rg2 41. h4 Bxc2 42. Rxf7 Bb1 43. a4 Rh2 44. Rh7 Ba2 45. Ke4 Kb8 46. h5 Rh3
47. h6 Bxb3 48. Nxb3 Rxb3 49. Rf7 Rb4+ 50. Kd5 Ka7 51. h7 Rh4 52. a5 Rh5 53.
Ke6 Rh6 54. Rg7 Rh1 55. Kf7 1-0

[Event "14. Opent Internacional de Mislata"]
[Site "Mislata ESP"]
[Date "2006.08.25"]
[Round "4.3"]
[White "Cruz Sanchez, Cristhian"]
[Black "Alonso Moyano, Jonathan"]
[Result "1-0"]
[WhiteElo "2289"]
[BlackElo "2372"]
[PlyCount "51"]
[EventDate "2006.08.23"]
[EventType "swiss"]
[EventRounds "9"]
[EventCountry "ESP"]
[Source "lmi"]
[SourceDate "2006.08.23"]

1. d4 f5 2. c4 Nf6 3. Nc3 d6 4. Bg5 Nbd7 5. Qc2 g6 6. e4 fxe4 7. Nxe4 Bg7 8.
Nf3 Nxe4 9. Qxe4 Nf6 10. Qc2 c5 11. d5 b5 12. Bd3 bxc4 13. Bxc4 Rb8 14. O-O O-O
15. b3 Bf5 16. Qe2 Ne4 17. Rae1 h6 18. Bc1 Kh7 19. Nd2 Nc3 20. Qxe7 Qb6 21. Bb2
Rb7 22. Bxc3 Rxe7 23. Rxe7 Rg8 24. Rfe1 g5 25. g4 Bc2 26. Rd7 1-0